000 00840nam a2200229Ii 4500
003 JO-AjNU
008 230605s9999||||xx |||||||||||||| ||und||
017 _a2021/11/6610
020 _a978-9957-35-528-8
040 _aJO-AjNU
_bara
_erda
_cJO-AjNU
041 _aara
050 1 4 _aD16.8 2022
100 3 _aبوعياد، نزهة,
_eauthor
_962743
245 0 0 _aإمارة المناذرة أول ملك عربي بالحيرة: دراسة تاريخية
250 _aط1
264 3 1 _aعمان: مركز الكتاب الاكاديمي، 2022
300 _a188ص
336 _atext
_btxt
_2rdacontent
337 _aunmediated
_bn
_2rdamedia
338 _avolume
_bnc
_2rdacarrier
650 4 _aالمناذرة-مملكة الحيرة 633-226-الشعر العربي-الحضارة العربية-العصر الجاهلي
_962744
999 _aA28426
_c31994
_d31994